000 00820nam a2200229Ia 4500
005 20241216105259.0
008 210716s2009 xx 000 0 und d
020 _a9788184870206
040 _cAIMIT LIBRARY
041 _aeng
082 _a001.0720046
_21
_bMANS
245 _aComputer networks /
_cEdited by Sunilkumar S Manvi and B P Vijayakumar.
250 _a1st ed.
260 _aNew Delhi :
_bNarosa Publishing House ,
_c2009.
300 _aviii,162p. ;
_bHB
_c29.3 cm
650 _aNetwork security using cryptography
_9191056
650 _aWireless solutions for private network security
_9191057
650 _aEnergy efficient clustering for sensor networks
_9191058
700 _aManvi,Sunilkumar S., ed.
_9191059
700 _aVijayakumar,B P., ed.
_9191060
942 _2ddc
_cBK
_e1st
_k001.0720046 MANS
999 _c192170
_d192170